Les numéros des départements français - Statistiques

Statistiques générales
  • Ce quiz a été pris 343 fois
  • Le résultat moyen est 56 sur 101
Statistiques - réponses
Hint Réponse % Correct
01 Ain
96%
02 Aisne
83%
06 Alpes-Maritimes
78%
11 Aude
76%
42 Loire
75%
03 Allier
74%
05 Hautes-Alpes
74%
10 Aube
73%
04 Alpes-de-Haute-Provence
72%
13 Bouches-du-Rhône
71%
2A Corse-du-Sud
69%
07 Ardèche
68%
2B Haute-Corse
67%
75 Paris
66%
69 Rhône
66%
59 Nord
65%
29 Finistère
64%
16 Charente
63%
39 Jura
63%
08 Ardennes
62%
18 Cher
62%
51 Marne
62%
09 Ariège
61%
14 Calvados
61%
25 Doubs
61%
15 Cantal
60%
17 Charente-Maritime
60%
22 Côtes-d'Armor
60%
27 Eure
60%
33 Gironde
60%
38 Isère
60%
45 Loiret
60%
73 Savoie
60%
67 Bas-Rhin
59%
68 Haut-Rhin
59%
36 Indre
59%
74 Haute-Savoie
58%
78 Yvelines
58%
19 Corrèze
57%
21 Côte-d'Or
57%
28 Eure-et-Loir
57%
30 Gard
57%
41 Loir-et-Cher
57%
972 Martinique
57%
60 Oise
57%
62 Pas-de-Calais
57%
93 Seine-Saint-Denis
57%
37 Indre-et-Loire
56%
23 Creuse
55%
26 Drôme
55%
44 Loire-Atlantique
55%
24 Dordogne
54%
32 Gers
54%
43 Haute-Loire
54%
34 Hérault
54%
974 La Réunion
54%
57 Moselle
54%
83 Var
54%
12 Aveyron
53%
971 Guadeloupe
53%
35 Ille-et-Vilaine
53%
46 Lot
53%
64 Pyrénées-Atlantiques
52%
31 Haute-Garonne
51%
54 Meurthe-et-Moselle
51%
56 Morbihan
51%
66 Pyrénées-Orientales
51%
77 Seine-et-Marne
51%
76 Seine-Maritime
51%
976 Mayotte
50%
973 Guyane
49%
65 Hautes-Pyrénées
49%
47 Lot-et-Garonne
49%
55 Meuse
49%
84 Vaucluse
49%
89 Yonne
49%
40 Landes
48%
63 Puy-de-Dôme
48%
80 Somme
48%
52 Haute-Marne
47%
92 Hauts-de-Seine
47%
81 Tarn
47%
91 Essonne
46%
48 Lozère
46%
50 Manche
46%
61 Orne
46%
71 Saône-et-Loire
46%
85 Vendée
46%
53 Mayenne
45%
58 Nièvre
44%
90 Territoire de Belfort
44%
95 Val-d'Oise
44%
86 Vienne
43%
87 Haute-Vienne
42%
72 Sarthe
42%
82 Tarn-et-Garonne
42%
70 Haute-Saône
41%
88 Vosges
41%
79 Deux-Sèvres
40%
94 Val-de-Marne
40%
49 Maine-et-Loire
38%
Aucun quiz correspondant
Distribution des résultats
% des personnes avec chaque résultat
Percentile par nombre de réponses
Votre historique - résultats
Vous n’avez pas pris ce quiz